000 00495nam a2200193 a 4500
001 1765881797762
003 YourLibrary
005 20251216161636.0
008 251216s1973##################000#0#eng##
020 _a9780671217280
082 0 4 _a201.1
_bCOX
100 1 _aCox, Harvey,
_eauthor.
245 1 0 _aSeduction Spirit :
260 _bSimon and Schuster,
_c1973.
300 _a356 pages
650 0 _aBody, Mind & Spirit.
942 _cENGLISH
040 _aYourLibrary
_beng
_cYourLibrary
999 _c602851
_d602851